Asamar samajik aru arthanaitik buranji (Record no. 10356)

MARC details
000 -LEADER
fixed length control field 00690cam a2200253ua 4500
001 - CONTROL NUMBER
control field 11547
005 - DATE AND TIME OF LATEST TRANSACTION
control field 20260515114751.0
008 - FIXED-LENGTH DATA ELEMENTS--GENERAL INFORMATION
fixed length control field 191003n ii |||gr||||Z||||||asm
020 ## - INTERNATIONAL STANDARD BOOK NUMBER
International Standard Book Number 9789381784204
040 ## - CATALOGING SOURCE
Transcribing agency MAIN
041 ## - LANGUAGE CODE
Language code of text/sound track or separate title asm
082 ## - DEWEY DECIMAL CLASSIFICATION NUMBER
Classification number 954.162
100 ## - MAIN ENTRY--PERSONAL NAME
Personal name Anita Sharma,
Relator term Author.
245 ## - TITLE STATEMENT
Title Asamar samajik aru arthanaitik buranji
Statement of responsibility, etc. By Anita Sharma and others
250 ## - EDITION STATEMENT
Edition statement 4th ed.
260 ## - PUBLICATION, DISTRIBUTION, ETC.
Place of publication, distribution, etc. Jorhat:
Name of publisher, distributor, etc. Bidya bhawan,
Date of publication, distribution, etc. 2017.
300 ## - PHYSICAL DESCRIPTION
Extent 240p.
653 ## - INDEX TERM--UNCONTROLLED
Uncontrolled term South Asia India
653 ## - INDEX TERM--UNCONTROLLED
Uncontrolled term Social and economic history of Assam
700 ## - ADDED ENTRY--PERSONAL NAME
Personal name Pankaj Goswami,
Relator term Author.
700 ## - ADDED ENTRY--PERSONAL NAME
Personal name Gitarani Goswami,
Relator term Author.
700 ## - ADDED ENTRY--PERSONAL NAME
Personal name Bhupen Borah,
Relator term Author.
942 ## - ADDED ENTRY ELEMENTS (KOHA)
Koha item type Books
Holdings
Withdrawn status Lost status Damaged status Not for loan Home library Current library Shelving location Date acquired Total checkouts Full call number Barcode Date last seen Date last checked out Copy number Price effective from Koha item type
        Naharkatiya College Library Naharkatiya College Library General stacks 09/19/2020 2 954.162History of Assam | ASA 26620 04/23/2026 04/23/2026 1 09/19/2020 Books